| 000 | 01359nam a2200373 i 4500 | ||
|---|---|---|---|
| 003 | CSPC | ||
| 005 | 20260225150250.0 | ||
| 008 | 260225c2021 ph r p i 00 0 eng d | ||
| 022 | _a1908-3297 | ||
| 022 | _a2508-0830 | ||
| 040 |
_aCSPC _beng _cCSPC _erda |
||
| 245 | 0 | 0 | _aProcess evaluation of the performance-based bonus scheme. |
| 264 | 1 |
_aQuezon, City : _bPhilippine Institute for Development Studies, _c2021. |
|
| 300 |
_avolumes : _billustrations ; _c23 cm. |
||
| 336 |
_2rdacontent _atext |
||
| 337 |
_2rdamedia _aunmediated |
||
| 338 |
_2rdacarrier _avolumes |
||
| 362 | _aNumber 3 | ||
| 490 | 1 | _aResearch paper series no. 2021-03. | |
| 504 | _aIncludes bibliographical references | ||
| 650 | 4 |
_aEmployee motivation _xPeriodicals. |
|
| 650 | 4 |
_aPerformance standards _xPeriodicals. |
|
| 650 | 4 |
_aCompensation management _xPeriodicals. |
|
| 655 | _aPeriodicals. | ||
| 700 | 1 |
_aAlbert, Jose Ramon G., _eeditor. |
|
| 700 | 1 |
_aMendoza, Ronald U., _eeditor. |
|
| 700 | 1 |
_aCuenca, Janet S., _eeditor. |
|
| 700 | 1 |
_aOpiniano, Gina A., _eeditor. |
|
| 700 | 1 |
_aMonje, Jennifer D., _eeditor. |
|
| 700 | 1 |
_aPastor, Michael A., _eeditor. |
|
| 700 | 1 |
_aMuñoz, Mika S., _eeditor. |
|
| 942 |
_2ddc _n0 _cSERIALS _h658.3142 _iP941 _kSER _m2021 |
||
| 999 |
_c31908 _d31908 |
||